| 000 | 00729cam a2200241 a 4500 | ||
|---|---|---|---|
| 999 |
_c5929 _d5929 |
||
| 001 | 1987 | ||
| 003 | BD-DhUAP | ||
| 005 | 20201222151728.0 | ||
| 008 | 201222s1993 nyuabf b f000 0 eng | ||
| 020 | _a0070165696 | ||
| 040 |
_aBD-DhUAP _cBD-DhUAP _dBD-DhUAP _bEng |
||
| 082 |
_a658.4012 DES _223 |
||
| 100 | _aDess, Gregory G. | ||
| 245 |
_aStrategic management / _cGregory G. Dess and Alex Miller. |
||
| 260 |
_aNew York : _bMcGraw-Hill, _cc1993. |
||
| 300 |
_axix, 924 pages : _billustrations ; _c24 cm. |
||
| 490 | _aMcGraw-Hill series in management. | ||
| 500 | _aIncludes index. | ||
| 650 | _aStrategic planning. | ||
| 700 | _aMiller, Alex. | ||
| 942 |
_2ddc _cBK |
||